MANUFACTURING SCIENCE (Record no. 14099)

MARC details
000 -LEADER
fixed length control field 00359nam a22001577a 4500
003 - CONTROL NUMBER IDENTIFIER
control field SGT
020 ## - INTERNATIONAL STANDARD BOOK NUMBER
International Standard Book Number 978-81-7671-063-3
082 ## - DEWEY DECIMAL CLASSIFICATION NUMBER
Classification number 629.1342
Item number GHO
100 ## - MAIN ENTRY--PERSONAL NAME
Personal name GHOSH,AMITABHA
245 ## - TITLE STATEMENT
Title MANUFACTURING SCIENCE
250 ## - EDITION STATEMENT
Edition statement 2ND
260 ## - PUBLICATION, DISTRIBUTION, ETC. (IMPRINT)
Place of publication, distribution, etc NEW DELHI
Name of publisher, distributor, etc EAST-WEST PRESS
Year of Publication 2010
300 ## - PAGE DESCRIPTION
No. of Pages 496
650 ## - SUBJECT ADDED ENTRY--TOPICAL TERM
Topical term or geographic name as entry element MECHANICAL ENGINEERING
942 ## - ADDED ENTRY ELEMENTS (KOHA)
Source of classification or shelving scheme Dewey Decimal Classification
Koha item type Books
942 ## - ADDED ENTRY ELEMENTS (KOHA)
-- 2
Holdings
Withdrawn status Lost status Source of classification or shelving scheme Damaged status Not for loan Collection code Home library Current library Shelving location Date acquired Vendor Name Cost, normal purchase price SGTU Bill Number Total Checkouts Full call number Accession No. (Barcode) Date last seen Date last borrowed Bill Date Koha item type Total Renewals
    Dewey Decimal Classification     ENGINEERING SGT Engineering Library SGT Engineering Library Text Book 21/12/2017 KIRTI PRAKASHAN (NEW DELHI ) 295.00 SGTU IN1297 2 629.1342 GHO FE6791 09/10/2019 30/09/2019   Books  
    Dewey Decimal Classification     ENGINEERING SGT Engineering Library SGT Engineering Library Text Book 21/12/2017 KIRTI PRAKASHAN (NEW DELHI ) 295.00 SGTU IN1297 1 629.1342 GHO FE6792 24/05/2018 17/05/2018   Books  
    Dewey Decimal Classification     ENGINEERING SGT Engineering Library SGT Engineering Library Text Book 21/12/2017 KIRTI PRAKASHAN (NEW DELHI ) 295.00 SGTU IN1297 4 629.1342 GHO FE6793 29/05/2026 29/05/2026   Books 1
    Dewey Decimal Classification     ENGINEERING SGT Engineering Library SGT Engineering Library Text Book 21/12/2017 KIRTI PRAKASHAN (NEW DELHI ) 295.00 SGTU IN1297 1 629.1342 GHO FE6794 26/03/2018 12/03/2018   Books  
    Dewey Decimal Classification     ENGINEERING SGT Engineering Library SGT Engineering Library Text Book 21/12/2017 KIRTI PRAKASHAN (NEW DELHI ) 295.00 SGTU IN1297 4 629.1342 GHO FE6795 14/10/2024 14/10/2024   Books 2